|
|
|
|
| LEADER |
00000naa2a2200000 4500 |
| 001 |
616087 |
| 005 |
20231218152507.0 |
| 035 |
|
|
|a (RuTPU)RU\TPU\conf\14320
|
| 035 |
|
|
|a RU\TPU\conf\14319
|
| 090 |
|
|
|a 616087
|
| 100 |
|
|
|a 20151208d2015 k y0rusy50 ca
|
| 101 |
0 |
|
|a rus
|
| 102 |
|
|
|a RU
|
| 105 |
|
|
|a y z 101zy
|
| 135 |
|
|
|a drgn ---uucaa
|
| 181 |
|
0 |
|a i
|
| 182 |
|
0 |
|a b
|
| 200 |
1 |
|
|a Модель нормирования капитала для выбора инвестиционных программ в облачные технологии с использованием линейного программирования
|f С. В. Разумников
|
| 203 |
|
|
|a Текст
|c электронный
|
| 225 |
1 |
|
|a Системный анализ, управление и обработка информации в экономике
|
| 300 |
|
|
|a Заглавие с титульного экрана
|
| 320 |
|
|
|a [Библиогр.: с. 116 (6 назв.)]
|
| 337 |
|
|
|a Adobe Reader
|
| 463 |
|
0 |
|0 (RuTPU)RU\TPU\conf\14241
|t Современные технологии поддержки принятия решений в экономике
|o сборник трудов Всероссийской научно-практической конференции студентов, аспирантов и молодых ученых, 19-20 ноября 2015 г., г. Юрга
|f Национальный исследовательский Томский политехнический университет (ТПУ), Юргинский технологический институт (ЮТИ) ; под ред. Д. А. Чинахова
|v [С. 114-116]
|d 2015
|
| 610 |
1 |
|
|a труды учёных ТПУ
|
| 610 |
1 |
|
|a электронный ресурс
|
| 610 |
1 |
|
|a нормирование
|
| 610 |
1 |
|
|a инвестиционные программы
|
| 610 |
1 |
|
|a капиталы
|
| 610 |
1 |
|
|a облачные технологии
|
| 610 |
1 |
|
|a линейное программирование
|
| 700 |
|
1 |
|a Разумников
|b С. В.
|c специалист в области информатики и вычислительной техники
|c доцент Юргинского технологического института (филиала) Томского политехнического университета, кандидат технических наук
|f 1988-
|g Сергей Викторович
|3 (RuTPU)RU\TPU\pers\31649
|9 15786
|
| 712 |
0 |
2 |
|a Национальный исследовательский Томский политехнический университет (ТПУ)
|b Юргинский технологический институт (филиал) (ЮТИ)
|b Кафедра информационных систем (ИС)
|3 (RuTPU)RU\TPU\col\18893
|
| 801 |
|
2 |
|a RU
|b 63413507
|c 20210217
|g RCR
|
| 856 |
4 |
|
|u http://earchive.tpu.ru/handle/11683/18143
|
| 856 |
4 |
|
|u http://www.lib.tpu.ru/fulltext/c/2015/C79/045.pdf
|
| 942 |
|
|
|c BK
|